[Event "Israel Championship 2021"]
[Site "Haifa"]
[Date "2021.03.08"]
[Round "2.13"]
[White "Steinberg, Nitzan"]
[Black "Aizenberg, Benny"]
[Result "1-0"]
[WhiteElo "2553"]
[BlackElo "2307"]
[Annotator "TA"]
[PlyCount "67"]
[EventDate "2021.01.10"]
[EventType "swiss"]
[EventCountry "ISR"]
[SourceTitle "playchess.com"]
[Source "ChessBase"]
[SourceQuality "1"]

{[%evp 9,67,20,30,33,35,17,17,10,19,25,23,20,27,19,21,0,0,0,0,0,64,13,56,68,62,56,142,133,268,247,252,266,376,354,331,248,319,216,369,368,368,364,385,370,393,373,983,974,1025,1025,1012,963,1486,1487,2130,2100,1989,1923,2370,1754]} 1. e4 c5 2. Nf3 d6 3. Bb5+ Nd7 4. a4 Ngf6 5. Nc3 g6 6. O-O {B51: Sicilian: Moscow Variation (3 Bb5+) without 3...Bd7.} Bg7 7. d4 $5 {[%mdl 4] Leaves trodden paths.} cxd4 8. Nxd4 {The position is equal.} O-O 9. Re1 {[#]} Ne5 $146 ({Predecessor:} 9... a6 10. Bf1 Qc7 11. Bg5 b6 12. Nd5 Nxd5 13. exd5 Nf6 14. c4 Re8 15. Qd2 Bd7 {1-0 (57) Baskin,R (2390)-Womacka,M (2435) chess.com INT 2020}) 10. h3 Bd7 11. Bf1 Rc8 12. Ndb5 a6 13. Na3 Qb6 14. Rb1 Rfd8 ({Black should play} 14... Be6 $11) 15. Bg5 (15. Be3 $14 Qc7 16. f4) 15... Rxc3 16. bxc3 Qc5 17. Qc1 Bxa4 (17... Bc8 $14) 18. Rxb7 $16 d5 {Black cannot hold the game after this.} (18... Ra8 $16 19. Rb4 (19. Rxe7 Nfd7 $16) 19... Be8) 19. exd5 $18 Nxd5 {[#]} 20. c4 $1 {[%cal Rc4d5]} (20. Bxa6 Bc6 $14) 20... Qc6 (20... Nf6 $142 21. Qe3 Ned7) 21. Qb1 (21. cxd5 Qxb7 22. c4 f6 $16) 21... Nc3 22. Qb6 Rc8 23. Rb8 {Hoping for Qxc6.} ({Resist} 23. Bxe7 $6 Qxb6 24. Rxb6 Re8 $18) 23... Qe8 (23... Qxb6 24. Rxb6 Ra8) 24. Rxc8 Qxc8 25. Bxe7 Nc6 26. Bd6 Bd4 27. Bc5 Bf6 {[#]} (27... Bh8 28. Bd3 h5) 28. Qxa6 $3 {[%mdl 512] White is clearly winning.} Qd8 (28... Qd7 29. Re3) 29. Nb5 Bxb5 30. cxb5 {[%cal Bc4b5,Bb5b6][%mdl 32]} Ne5 31. Qd6 Nd7 32. Bd4 Bxd4 33. Qxd4 Qc8 34. b6 {Weighted Error Value: White=0.14/Black=0.43} 1-0

[Event "Israel Championship 2021"]
[Site "Haifa"]
[Date "2021.03.08"]
[Round "2.14"]
[White "Birnboim, Nathan"]
[Black "Kochavi, Ori"]
[Result "1/2-1/2"]
[WhiteElo "2381"]
[BlackElo "2273"]
[Annotator "TA"]
[PlyCount "112"]
[EventDate "2021.01.10"]
[EventType "swiss"]
[EventCountry "ISR"]
[SourceTitle "playchess.com"]
[Source "ChessBase"]
[SourceQuality "1"]

{[%evp 14,112,52,31,27,12,35,0,41,38,55,43,30,14,23,8,30,22,46,17,16,0,0,-8,-4,-6,0,0,0,-4,-4,0,0,0,0,-3,0,0,0,0,0,0,0,0,0,0,0,0,0,0,0,0,0,0,0,0,0,0,0,0,0,0,0,-83,-70,-112,0,0,0,0,56,56,58,0,0,0,0,0,0,0,0,0,0,0,0,0,0,0,0,0,0,0,0,0,0,0,0,0,0,0,0]} 1. e4 c6 2. c4 d5 3. exd5 cxd5 4. cxd5 Nf6 5. Nc3 g6 6. Bc4 Bg7 7. Nf3 O-O 8. O-O Na6 {B10: Caro-Kann: 2 d3 and 2 c4.} 9. d4 Nc7 $1 {[%cal Rf6d5]} 10. Qb3 b5 11. Nxb5 {[#]} Nxb5 $146 ({Predecessor:} 11... Rb8 12. Qd3 Nxb5 13. Bxb5 Nxd5 14. Bc4 Bf5 15. Qe2 Qd6 16. Bg5 e6 17. b3 h6 {1-0 (48) Lintchevski,D (2559)-Vastrukhin,O (2401) chess.com INT 2020}) 12. Bxb5 Rb8 {[#] Hoping for ...a6.} 13. Qa4 Nxd5 14. Ne5 {And now Nc6 would win.} Nb6 15. Qd1 {aiming for Nc6.} ({Don't go for} 15. Qxa7 $2 Ra8 $19) 15... Bb7 16. Be2 (16. Re1 {seems wilder.} Qd5 17. Bf1 Rfd8 18. Be3 Rbc8 19. Qb3) 16... Qd6 17. Be3 Rfd8 18. Nf3 (18. Qe1 {keeps more tension.} Nd5 19. Nc4 Qc7 20. Na5 Nf4 21. Nxb7 Nxe2+ 22. Qxe2 Qxb7 23. b3) 18... Bxf3 19. Bxf3 Bxd4 20. Bxd4 Qxd4 21. Qxd4 Rxd4 22. Rfd1 Rbd8 23. Rxd4 Rxd4 $11 {[%mdl 4096] Endgame KRB-KRN} 24. Rd1 Rc4 25. b3 Rc2 26. a4 a5 27. Kf1 Rb2 28. Rd3 e6 29. g3 Kf8 30. Kg2 Ke7 (30... Kg7 {looks sharper.} 31. Bc6 Rc2 32. Be4 Nc8 33. Bb7 Ne7) 31. Rc3 Nd5 (31... Nd7 {is interesting.} 32. Rc7 Rxb3 33. Ra7 Kd6 34. Rxa5 Ne5) 32. Bxd5 exd5 {KR-KR} 33. Rc5 Ke6 ({Much weaker is} 33... Rxb3 $6 34. Rxd5 Rb7 35. Rxa5 $16) 34. Rb5 Ke5 35. Kf3 Kd4 36. h4 h5 37. Rxa5 Rxb3+ 38. Kf4 (38. Ke2 $11) 38... Rb7 39. Ra8 {[#]} Rd7 ({Black should try} 39... Kc3 $1 $17 {White must now prevent ...d4.} 40. a5 Rc7) 40. a5 Kc5 41. Ke3 d4+ ({Better is} 41... Re7+ $11 42. Kd3 Rb7) 42. Kd3 $14 Kb5 43. f4 (43. a6 $14) 43... Kc6 $11 {The position is equal.} 44. a6 Kb6 45. f5 gxf5 46. a7 f6 47. Rh8 Rxa7 48. Rxh5 Rg7 49. Kxd4 {Kd5 is the strong threat.} Rxg3 50. Kd5 Rh3 51. Ke6 f4 52. Kf5 Kc7 53. Kg4 Rh1 54. Rf5 Rg1+ 55. Kxf4 Kd7 56. Rxf6 Ke7 {Weighted Error Value: White=0.09/Black=0.07} 1/2-1/2

[Event "Israel Championship 2021"]
[Site "Haifa"]
[Date "2021.03.08"]
[Round "2.15"]
[White "Haimovich, Tal"]
[Black "Stolyarsky, Yegor"]
[Result "1-0"]
[WhiteElo "2375"]
[BlackElo "2063"]
[Annotator "TA"]
[PlyCount "127"]
[EventDate "2021.01.10"]
[EventType "swiss"]
[EventCountry "ISR"]
[SourceTitle "playchess.com"]
[Source "ChessBase"]
[SourceQuality "1"]

{[%evp 14,127,44,44,48,32,31,39,43,42,47,49,105,105,151,141,158,150,197,159,241,231,240,233,218,210,233,235,274,275,264,257,339,341,353,325,384,380,395,390,359,327,356,330,309,298,345,345,347,344,349,343,322,347,349,340,325,325,318,282,368,275,541,244,242,227,479,495,532,512,545,495,495,495,489,482,450,450,386,0,193,192,426,391,545,512,618,609,568,376,379,383,385,394,727,717,752,745,719,710,710,710,697,684,610,587,558,533,684,684,854,827,1270,1147,4602,4133]} 1. d4 Nf6 2. c4 g6 3. Nc3 Bg7 4. e4 d6 5. Bd3 O-O 6. Nge2 Nbd7 7. O-O c5 8. d5 Ne5 {E70: King's Indian: Miscellaneous lines with 4 e4, including 5 Nge2 and 5 Bd3 0-0 6 Nge2.} 9. Bg5 Nfg4 10. b3 {[#]} Nxd3 $146 {White is slightly better.} ({Predecessor:} 10... h6 11. Bc1 b5 12. cxb5 Nxd3 13. Qxd3 a6 14. b6 a5 15. Bd2 Qxb6 16. Qg3 c4 {0-1 (70) Tran,T (2447)-Sargissyan,S (2311) Moscow 2016}) 11. Qxd3 f5 12. Rae1 h6 (12... Ne5 $14 13. Qg3 a6) 13. Bd2 $16 e5 {[#]} 14. dxe6 $1 Bxe6 15. Nf4 fxe4 16. Nxe4 Bf5 (16... Ne5 $16 17. Qg3 (17. Qxd6 Bf5 $16) 17... Bf5) 17. Qd5+ $18 Kh7 18. h3 ({But not} 18. Qxb7 $6 Rb8 $16) 18... Nf6 19. Nxf6+ ({Worse is} 19. Qxb7 Bxe4 20. Rxe4 Rb8 $15) 19... Qxf6 20. Qxb7 {Nd5 is the strong threat.} Rae8 21. Nd5 ({Don't take} 21. Qxa7 $6 Be4 $16) 21... Qd8 22. Qxa7 Qd7 23. Qxd7 Bxd7 24. Bf4 Be5 25. Bxe5 dxe5 26. Re3 Bc6 27. Rd1 Kg7 28. a4 e4 29. Nc3 Rb8 30. Nxe4 Bxe4 31. Rxe4 Rxb3 {[%mdl 4096] Endgame KRR-KRR} 32. Rd7+ Rf7 33. Rxf7+ Kxf7 {KR-KR} 34. Re5 Rb4 35. Rxc5 Rxa4 36. Rc6 h5 37. g3 Ra3 $2 (37... g5 {might work better.} 38. Rc5 g4) 38. Rd6 (38. Rc7+ $142 Kf6 39. h4) 38... Rc3 39. Rd4 Ke6 $2 (39... g5 40. Kf1 Kf6) 40. h4 Kf6 41. Kf1 Rc2 42. Ke1 Ke6 43. Re4+ Kf5 44. Rf4+ Ke5 45. Kd1 Ra2 46. Ke1 (46. Rf8 $142) 46... Rc2 47. Kf1 Ra2 $2 (47... Ke6 {was worth a try.} 48. Ke1 Ke5) 48. Rf8 Rc2 {[#]} 49. Rc8 Kf6 50. Ke1 Ke6 51. Rc6+ Kf5 52. Kf1 Ra2 53. Rc5+ Ke6 $2 (53... Ke4 54. Rc6 Kf5) 54. Kg2 {White is clearly winning.} Ra3 55. Rg5 Kf6 56. Kf1 Rc3 57. c5 Rc2 58. Ke1 Kg7 59. Rd5 Kf8 60. Rd6 Kf7 61. c6 Rc5 62. Kd2 g5 63. hxg5 Rxg5 64. Rd3 {Weighted Error Value: White=0.22/Black=0.42} 1-0

[Event "Israel Championship 2021"]
[Site "Haifa"]
[Date "2021.03.08"]
[Round "2.16"]
[White "Shohat, Yotam"]
[Black "Katz, Kiril"]
[Result "1-0"]
[WhiteElo "2371"]
[BlackElo "1957"]
[Annotator "TA"]
[PlyCount "103"]
[EventDate "2021.01.10"]
[EventType "swiss"]
[EventCountry "ISR"]
[SourceTitle "playchess.com"]
[Source "ChessBase"]
[SourceQuality "1"]

{[%evp 12,103,25,12,30,29,57,35,54,46,33,-8,0,-22,0,0,0,0,0,0,0,0,0,0,0,-20,-17,-89,133,131,112,68,69,71,74,54,129,95,205,203,200,195,247,255,260,253,255,255,261,259,254,246,259,246,252,157,157,155,170,118,112,132,142,142,142,142,142,142,142,142,135,134,248,142,143,143,142,106,223,100,188,54,818,811,806,745,1689,1657,1365,1053,2936,2586,29987,29988]} 1. e4 c5 2. Nc3 Nc6 3. Nf3 d6 4. d4 cxd4 5. Nxd4 e5 6. Nf3 Nf6 7. Bc4 {next Ng5 is good for White.} Bg4 {B57: Classical Sicilian: Sozin with 6...Qb6.} 8. h3 Bh5 9. O-O {[#]} Qd7 $146 {White is slightly better.} ({Predecessor:} 9... a6 10. Bg5 Be7 11. Re1 b5 12. Bxf6 Bxf6 13. Be2 Bxf3 14. Bxf3 Nd4 15. Nd5 O-O {½-½ (23) Turkkan,O (1316)-Kutlu,T (1506) Antalya 2018}) 10. Be2 Bg6 11. Nd2 Be7 12. Bc4 O-O 13. Re1 Nd4 14. Nd5 Rac8 {Threatens to win with ...Nxd5.} 15. c3 Ne6 16. Nxf6+ Bxf6 17. Bb3 Nc5 18. Bd5 Nd3 19. Nb3 (19. Rf1 $11 {keeps the balance.}) 19... Nf4 $2 (19... Nxe1 $17 {stays on course.} 20. Qxe1 Kh8) 20. Bxf4 $16 exf4 21. Qg4 Qxg4 22. hxg4 Rc7 23. Nc1 Rc5 (23... h5 $14) 24. Rd1 Rb5 (24... h5 $16) 25. Nd3 $18 Rxd5 26. exd5 Bxd3 (26... Bg5 $142 27. Ne1 Re8) 27. Rxd3 {[%mdl 4096] Endgame KRR-KRB} Rc8 28. Re1 g5 29. Re4 b6 30. Kf1 Kg7 31. Ke2 Be5 32. a4 Kg6 33. Kf3 f5 34. gxf5+ Kxf5 {Hoping for ...g4+.} 35. g4+ (35. Re1 $18) 35... fxg3 $16 36. fxg3 h5 37. Rb4 Rc5 38. Ke2 g4 39. Kf2 Kg5 40. Re4 Kf5 41. Ree3 Kg5 {[#]} (41... Rc4 $16 42. b3 Rc8) 42. Re2 (42. Rxe5+ $1 $18 {[%mdl 512]} dxe5 43. d6) 42... Kf5 43. Kg2 a5 44. Kf2 Kg5 {[#]} (44... b5 $16) 45. Rc2 (45. Rxe5+ $1 $18 {[%mdl 512]} dxe5 46. d6) 45... b5 (45... Rc4 $16 {keeps fighting.}) 46. Re2 ({White should play} 46. axb5 $18 {Black must now prevent c4.} Rxb5 47. c4) 46... bxa4 $2 {[%mdl 8192] [#] Loses the game.} (46... Kf5 $14) 47. Rxe5+ $1 $18 {[%mdl 512]} dxe5 $14 {KR-KR} 48. d6 {White wants to mate with d7.} Rc8 49. d7 Rd8 50. c4 h4 51. c5 Kf5 52. c6 {Weighted Error Value: White=0.25/Black=0.48} 1-0

[Event "Israel Championship 2021"]
[Site "Haifa"]
[Date "2021.03.09"]
[Round "3.1"]
[White "Nabaty, Tamir"]
[Black "Tzidkiya, Yeshaayahu"]
[Result "1-0"]
[WhiteElo "2638"]
[BlackElo "2380"]
[Annotator "TA"]
[PlyCount "61"]
[EventDate "2021.01.10"]
[EventType "swiss"]
[EventCountry "ISR"]
[SourceTitle "playchess.com"]
[Source "ChessBase"]
[SourceQuality "1"]

{[%evp 10,61,0,0,0,0,0,0,-6,-1,0,0,0,0,0,3,31,34,61,60,64,53,50,51,47,39,45,60,67,65,76,68,98,96,121,128,139,143,384,376,327,344,516,532,568,571,568,568,558,560,557,548,615,615]} 1. d4 Nf6 2. c4 e6 3. Bg5 h6 4. Bh4 Bb4+ 5. Nd2 g5 6. Bg3 Ne4 {E00: Catalan Bogo-Indian (3 g3 Bb4+).} 7. Ngf3 h5 8. Qc2 Nxd2 {The position is equal.} 9. Nxd2 Bxd2+ 10. Kxd2 {[#]} h4 $146 {[%cal Rh4g3]} ({Predecessor:} 10... Nc6 11. h4 d6 12. Qc3 e5 13. dxe5 dxe5+ {½-½ (13) Shcherbakov,R (2505)-Karpman,V (2475) Belgorod 1991}) 11. Be5 Rh6 {And now ...d6 would win.} 12. d5 Qe7 {White should prevent ...exd5.} 13. Bc3 Qc5 14. e3 exd5 15. Qf5 {[%mdl 64] [#] Double Attack} Qe7 16. cxd5 {f4 is the strong threat.} Na6 $1 17. Qe5 $36 {[%mdl 2048] White has the initiative.} Qxe5 18. Bxe5 d6 19. Bg7 Rg6 20. Bd4 Nc5 21. Rc1 b6 {[#]} 22. b4 $1 {[%cal Rb4c5]} Ne4+ 23. Ke1 {Strongly threatening Bd3.} Kd8 $2 {This move loses the game for Black.} (23... Nf6 $16 {was called for.}) 24. Bd3 $18 f5 25. g4 Rh6 (25... a5 {was worth a try.} 26. f3 Nf6 27. gxf5 Rh6) 26. Rg1 {White is clearly winning.} Bb7 27. gxf5 Bxd5 28. Bg7 Rh7 29. f6 Kd7 30. f3 Rxg7 31. fxe4 {Weighted Error Value: White=0.00/Black=0.26} 1-0

[Event "Israel Championship 2021"]
[Site "Haifa"]
[Date "2021.03.09"]
[Round "3.2"]
[White "Kobo, Ori"]
[Black "Gorodetsky, David"]
[Result "0-1"]
[WhiteElo "2460"]
[BlackElo "2495"]
[Annotator "TA"]
[PlyCount "118"]
[EventDate "2021.01.10"]
[EventType "swiss"]
[EventCountry "ISR"]
[SourceTitle "playchess.com"]
[Source "ChessBase"]
[SourceQuality "1"]

{[%evp 19,118,33,26,19,29,9,20,10,16,0,0,0,0,0,0,0,0,0,0,0,0,0,0,-41,-45,-88,-87,-83,-97,-106,-84,-78,-79,-65,-18,-20,-17,-17,-14,-7,-10,-18,-5,-7,-8,-18,-7,-8,0,-12,-10,-23,-23,-29,-31,-24,-15,-89,-100,-166,-14,-52,-76,-79,-51,-58,-36,-64,-62,-62,-57,-71,-78,-55,-36,-44,0,0,0,0,0,-26,-31,-831,-831,-1458,-1258,-1630,-1433,-1800,-1679,-2147,-1835,-12842,-12841,-12849,-12845,-12849,-12849,-12850,-12850]} 1. e4 Nf6 2. e5 Nd5 3. d4 d6 4. c4 Nb6 5. exd6 cxd6 6. Nc3 g6 7. Be3 Bg7 8. Rc1 O-O 9. b3 e5 {9...Bf5 gains popularity.} 10. dxe5 dxe5 11. c5 {B03: Alekhine's Defence: Four Pawns Attack.} N6d7 12. Bc4 Nc6 13. Nf3 {The position is equal.} Qa5 14. O-O Nxc5 15. Ng5 Ne6 $1 16. Nxe6 Bxe6 17. Bxe6 fxe6 18. Qd7 Nd4 19. Bxd4 exd4 20. Ne4 {Strongly threatening Rc7.} Qd5 {[#]} 21. Qxd5 $146 (21. Rc7 $5 Qxd7 22. Rxd7 $11) ({Predecessor:} 21. Rc7 Qxd7 22. Rxd7 b6 23. Rc1 Rfd8 24. Rcc7 Rxd7 25. Rxd7 a5 26. g3 a4 27. Kg2 axb3 28. axb3 Ra5 {½-½ (28) Sarakenidis,N (2327)-Cloes,D (2247) ICCF email 2017}) 21... exd5 22. Nd2 Rae8 23. Nf3 Re2 24. a4 d3 25. Rfd1 Rc2 {Threatens to win with ...Bh6.} 26. Rb1 Rc3 (26... Rxf3 $5 27. gxf3 d2 $17) 27. Ne1 Bd4 28. Nxd3 Rc2 {[%cal Rd4f2]} 29. Nb4 Bxf2+ 30. Kh1 Re2 {Black wants to play ...d4.} 31. Nxd5 Rf7 32. Rf1 Rd2 33. Rfd1 Re2 (33... Ra2 {is more complex.} 34. g3 Kg7 35. Rf1 Rd7 36. Nc3 Rc2) 34. Rf1 Bd4 35. Rxf7 Kxf7 $11 {[%mdl 4096] Endgame KRB-KRN} 36. g3 g5 37. Rd1 Be5 38. Nb4 (38. Rd3 $1 $11 {remains equal.}) 38... Ke6 $17 39. Rd8 (39. Nd3 $17 {was worth a try.}) 39... Re4 $2 (39... Re3 $19 40. Rd3 Re1+ 41. Kg2 Re2+ 42. Kf3 Rxh2) 40. Nd3 {With the idea Nc5+.} (40. Nc2 {looks sharper.} h5 41. Kg1 Bf6 42. Rf8 g4 43. Kf1) 40... Bd6 41. Rc8 Kd5 42. Rc2 Rd4 43. Nb2 a6 44. Kg2 b5 45. axb5 axb5 46. Kf3 Ba3 47. Ke2 Bxb2 (47... Rb4 {is interesting.} 48. Nd3 Rxb3 49. Rc7 h6 50. Rh7 Kd4) 48. Rxb2 $15 {KR-KR} Kc5 49. Ke3 Rd6 50. Rf2 Kb4 51. Rf7 $2 {[%mdl 8192] [#] White does not recover from this.} (51. Rf5 $15) 51... h6 $1 $19 {Black is clearly winning.} 52. Rf5 {[#]} Rb6 $1 53. Kd4 Kxb3 54. Kc5 Rb8 55. Rf6 b4 {[%cal Bb5b4,Bb4b3,Bb3b2][%mdl 32]} 56. Rxh6 Kc3 57. h4 b3 58. hxg5 b2 59. Rh1 Rg8 {Weighted Error Value: White=0.68/Black=0.11} 0-1

[Event "Israel Championship 2021"]
[Site "Haifa"]
[Date "2021.03.09"]
[Round "3.3"]
[White "Postny, Evgeny"]
[Black "Gorshtein, Ido"]
[Result "0-1"]
[WhiteElo "2605"]
[BlackElo "2387"]
[Annotator "TA"]
[PlyCount "110"]
[EventDate "2021.01.10"]
[EventType "swiss"]
[EventCountry "ISR"]
[SourceTitle "playchess.com"]
[Source "ChessBase"]
[SourceQuality "1"]

{[%evp 9,110,32,62,44,43,42,63,14,8,-19,-24,-7,2,10,0,-18,-14,-24,-44,-31,1,0,7,-10,-7,-41,-41,-45,-43,-29,27,-20,-20,-14,-13,-16,-18,-15,0,-54,0,0,0,0,0,0,0,0,0,0,12,0,0,0,0,-29,-59,-314,-310,-311,-310,-440,-431,-429,-411,-428,-344,-416,-369,-446,-449,-511,-497,-466,-459,-733,-533,-533,-524,-1470,-1420,-1220,-732,-699,-647,-1021,-814,-29976,-29977,-29977,-29978,-29978,-29979,-29979,-29979,-29979,-29980,-29981,-29981,-29981,-29980,-29974,-50]} 1. d4 f5 2. Bg5 h6 3. Bh4 g5 4. e3 Bg7 5. Bg3 d6 6. h4 {Strongly threatening hxg5. A80: Dutch Defence: Unusual White second moves.} g4 $1 7. Nc3 Nf6 8. Bd3 {White is slightly better.} Nc6 9. d5 {[#]} Nb4 $146 ({Predecessor:} 9... Ne5 10. Nge2 Nxd3+ 11. Qxd3 Nh5 12. O-O-O e5 13. dxe6 Bxe6 14. Nd4 Bxd4 15. exd4 O-O {1-0 (35) Yatzenko,A (2361)-Samolins,V (2402) chess.com INT 2017}) 10. Bc4 c6 11. dxc6 bxc6 12. Qd2 Rb8 13. Nge2 Nbd5 14. Bb3 Bd7 15. O-O O-O 16. Nxd5 cxd5 17. Bxd5+ (17. e4 $5) 17... Kh7 18. Rab1 $1 Nxd5 19. Qxd5 Bxb2 (19... Qc8 $142) 20. Nd4 Qc8 21. Rfd1 Rb6 {White should prevent ...e6.} 22. c4 e6 23. Qa5 f4 24. Rxb2 fxg3 (24... Rxb2 $15 25. exf4 Qxc4) 25. Nb3 $11 gxf2+ 26. Rxf2 Rxf2 27. Kxf2 Ra6 28. Qd2 Be8 ({Much worse is} 28... Qxc4 $6 29. Rc1 $16) 29. Kg1 Bg6 30. Qb4 g3 ({Much weaker is} 30... Rxa2 $6 31. Qxd6 Qb7 {[#]} 32. Rd2 $1 $16) 31. Rxd6 Rxa2 32. Qe1 {Hoping for Qd1.} Rf2 $40 {[%mdl 128] aiming for ...Qb7! Black has some attack.} 33. Rd2 $2 {[%mdl 8192] Loses the game.} (33. Nd2 $1 $15) 33... Qb7 $19 {[%csl Gf2][%cal Rb7g2][%mdl 64] Double Attack} ({Don't do} 33... Qxc4 34. Nc1 $19) 34. Rxf2 gxf2+ 35. Qxf2 (35. Kxf2 {was forced.} Qxb3 36. Qa1) 35... Qxb3 36. Qf4 {and the idea Qc7+ leaves White hopeful.} Qb1+ 37. Kh2 Qb7 38. Qe5 h5 39. c5 Qc6 40. Qc3 Qc7+ 41. Kg1 Be4 42. Qd4 (42. Qc4 $142 Bd5 43. Qc2+ Kh6 44. e4) 42... Bc6 43. Qd3+ Kh6 44. Qf1 Qg7 45. e4 Kh7 46. Qf3 Qg6 47. Qa3 Qxe4 {[%csl Gc6][%cal Re4g2]} 48. Qxa7+ Kg6 {[%csl Gc6][%cal Re4g2] Black mates.} 49. Qa2 Qe1+ 50. Kh2 Qxh4+ 51. Kg1 Qd4+ 52. Kh1 Qe4 53. Qf2 e5 54. Qa2 Kf6 55. Qg8 {[#]} Qxg2+ $1 {Weighted Error Value: White=0.41/Black=0.21} 0-1

[Event "Israel Championship 2021"]
[Site "Haifa"]
[Date "2021.03.09"]
[Round "3.4"]
[White "Mikhalevski, Victor"]
[Black "Rozen, Eytan"]
[Result "1/2-1/2"]
[WhiteElo "2552"]
[BlackElo "2399"]
[Annotator "TA"]
[PlyCount "90"]
[EventDate "2021.01.10"]
[EventType "swiss"]
[EventCountry "ISR"]
[SourceTitle "playchess.com"]
[Source "ChessBase"]
[SourceQuality "1"]

{[%evp 15,90,31,32,26,29,13,14,0,31,33,16,0,13,10,22,8,0,0,8,6,5,11,6,3,7,0,34,31,77,0,0,0,53,0,0,-11,-9,-16,0,0,0,0,0,0,0,0,0,0,0,0,55,47,41,41,30,0,0,0,0,0,0,0,0,0,2420,0,0,0,0,0,0,0,0,0,0,0,0]} 1. Nf3 Nf6 2. c4 c6 3. g3 g6 4. Bg2 Bg7 5. O-O O-O 6. b3 Ne4 7. d4 d5 8. Bb2 Nd7 9. a4 {D78: Fianchetto Grünfeld: 6 0-0 c6.} a5 {[#]} 10. cxd5 $146 ({Predecessor:} 10. Na3 b6 11. Rc1 Ba6 12. Rc2 Qb8 13. Nd2 Nef6 14. e4 e5 15. exd5 cxd5 16. Nb5 exd4 17. cxd5 Bxb5 18. axb5 {1-0 (54) Gaehler,M (2315)-Bornheim,D (1792) Katowice 2014}) 10... cxd5 11. Na3 {[%cal Bb1a3,Ba3b5,Bb5c7][%mdl 32]} b6 12. Nb5 Ba6 13. Qd3 Rc8 14. Rfc1 e6 15. Qd1 Rxc1 16. Rxc1 Qb8 17. Nc7 Bb7 18. Bh3 Ndc5 19. Nb5 {Black must now prevent Ba3.} Nd7 20. Rc7 Rd8 (20... Ndc5 $5) 21. Ba3 Ba6 {[#] ...Bxb5 is the strong threat.} 22. Rc6 Qb7 23. Rc7 Qb8 {And now ...Bxb5 would win.} 24. Rc6 (24. Qc2 $14) 24... Qb7 $11 25. Rc1 Rc8 26. e3 Bf8 27. Bxf8 Kxf8 28. Bf1 Kg7 29. Bd3 Bxb5 30. axb5 Nc3 31. Qd2 Ne4 32. Qb2 Qb8 (32... Nef6 $11) 33. Bxe4 (33. Rc6 {is interesting.} Nef6 34. Kg2 Re8 35. Qc3 Rd8 36. Qa1) 33... dxe4 34. Nd2 Nf6 35. Nc4 Nd5 36. Ne5 Rxc1+ 37. Qxc1 Qd6 38. Qc8 {With the idea Qh8+!} Qb4 39. Qd7 Qe1+ 40. Kg2 Nxe3+ $1 {The position is equal.} 41. fxe3 Qe2+ 42. Kg1 Qe1+ 43. Kg2 Qe2+ 44. Kg1 Qe1+ 45. Kg2 Qe2+ {Weighted Error Value: White=0.08/Black=0.07} 1/2-1/2

[Event "Israel Championship 2021"]
[Site "Haifa"]
[Date "2021.03.09"]
[Round "3.5"]
[White "Dvoirys, Semen I."]
[Black "Steinberg, Nitzan"]
[Result "0-1"]
[WhiteElo "2483"]
[BlackElo "2553"]
[Annotator "TA"]
[PlyCount "38"]
[EventDate "2021.01.10"]
[EventType "swiss"]
[EventCountry "ISR"]
[SourceTitle "playchess.com"]
[Source "ChessBase"]
[SourceQuality "1"]

{[%evp 17,38,-12,-10,-16,-7,-28,-11,-32,-35,-53,-16,-48,-20,-18,-20,-41,-33,-41,-55,-143,-133,-143,-130]} 1. e4 c5 2. Nf3 d6 3. d4 cxd4 4. Nxd4 Nf6 5. Nc3 a6 6. Bc4 e6 7. a3 Be7 8. Ba2 O-O 9. O-O b5 10. Qf3 {Black should prevent e5. B86: Sicilian Scheveningen/Najdorf: 6 Bc4, without early ...b5.} Bb7 11. Re1 Nc6 12. Nxc6 {The position is equal.} Bxc6 {[#]} 13. Bf4 $146 ({Predecessor:} 13. Qg3 a5 14. Bh6 Ne8 15. Rad1 b4 16. Nb1 Bh4 17. Qg4 Bxf2+ 18. Kxf2 Qf6+ 19. Bf4 {0-1 (42) Gullaksen,E (2356)-Holm,K (2467) Norway 2018}) 13... Qc7 14. Rad1 Rfd8 15. Qe2 Rd7 16. b4 Qb7 17. Rd3 a5 {Hoping for ...axb4.} 18. Bb3 (18. f3 $15) 18... axb4 $17 19. axb4 {[#]} Nxe4 $1 {[%mdl 512] Weighted Error Value: White=0.24/Black=0.07} 0-1

[Event "Israel Championship 2021"]
[Site "Haifa"]
[Date "2021.03.09"]
[Round "3.6"]
[White "Boruchovsky, Avital"]
[Black "Kupervaser, Erez"]
[Result "1-0"]
[WhiteElo "2541"]
[BlackElo "2371"]
[Annotator "TA"]
[PlyCount "47"]
[EventDate "2021.01.10"]
[EventType "swiss"]
[EventCountry "ISR"]
[SourceTitle "playchess.com"]
[Source "ChessBase"]
[SourceQuality "1"]

{[%evp 13,47,5,0,0,0,-2,8,15,29,24,24,10,18,26,35,45,115,110,108,113,118,115,109,79,112,108,118,126,120,123,375,364,365,370,339,342]} 1. d4 {Pelletier,Y} Nf6 2. c4 e6 3. Nf3 d5 4. g3 Be7 5. Bg2 O-O 6. O-O dxc4 7. Qc2 b5 8. a4 {E05: Open Catalan: 5 Nf3 Be7.} b4 9. Nbd2 Bb7 10. Nxc4 {The position is equal.} Be4 11. Qb3 c5 {has lost popularity (11...Nbd7).} 12. Rd1 Nbd7 13. Be3 Nd5 14. dxc5 Bxc5 (14... Nxc5 $14 15. Bxc5 Bxc5) 15. Nfe5 $16 {Black must now prevent Nxd7.} Bxg2 {[#]} 16. Nxd7 $1 Qxd7 17. Bxc5 Rfc8 18. Bd4 $36 {[%mdl 2048] Black is under strong pressure.} Bh3 19. e4 {[#] Ne5 is the strong threat.} Qc7 $146 ({Predecessor:} 19... Ne7 20. Bxg7 Qc6 21. Bf6 Qxe4 22. f3 Qxc4 23. Rd8+ Rxd8 24. Qxc4 {1-0 (24) Pelletier,Y (2599)-Prasanna Raghuram,R (2428) Biel 2012 CBM 149 Extra [Pelletier,Y]}) 20. Rac1 {Threatens to win with Be5.} Nc3 {[%mdl 64] Decoy} 21. Bxc3 ({Much weaker is} 21. bxc3 $6 Qxc4 22. Qxc4 (22. Qxb4 $2 Qe2 $19) 22... Rxc4 $11) 21... Qxc4 {[%mdl 8192] [#]} (21... bxc3 $16 22. Qxc3 (22. Rxc3 Qb8 $16) 22... Qc6) 22. Rd8+ $1 $18 {[%mdl 576] Deflection} Rxd8 23. Qxc4 bxc3 24. Qxc3 {Weighted Error Value: White=0.02/Black=0.33} 1-0